00851cam a2200241Ia 4500008004100000020002100041050001500062245012600077260009800203300003500301504005100336650002500387650002900412650001900441650002800460650002200488700002200510700002800532700002200560003000100582005001700583040000900600  a0865774269(hbk.)00aRL120bACH00aLasers in plastic surgery and dermatology /c[edited by] Bruce M. Achauer, with Victoria M. Vander Kam, Michael W. Berns. aNew York :bThieme Medical Publishers ;aStuttgart ;aNew York :bGeorg Thieme Verlag,c1992. axv, 206 p. :bill. (some col.) aIncludes bibliographical references and index. 0aSkinxLaser surgery. 0aLasersxTherapeutic use. 2aLaser Surgery. 2aSkin Diseasesxsurgery. 2aSurgery, Plastic.1 aAchauer, Bruce M. aVander Kam, Victoria M.1 aBerns, Michael W.20230120203928.0 cNUST